00586nam a2200181 a 450000100100000000500170001000800410002702000150006804000250008310000350010824500480014326000330019130000210022450400280024504900090027395201050028299900170038700003427320200930073620.0110929s2002 es 000 0 spa d a8475561381 aDO-SdBNPbspacBNPHU1 aPascual, Arturo,d1958-95970110aEl lector de James Joyce /cArturo Pascual. aEspaña :bOcéano,c2002. a165 p. ;c23 cm. aBibliografia p. 161-165 aBNPD 001050718MOaGRbGRcCTd2011-09-29iLF1l0o p34273-10r2020-06-25w2020-06-25y1ZNo se presta c33764d33764